<?xml version="1.0" encoding="UTF-8"?>
<record
    xmlns:xsi="http://www.w3.org/2001/XMLSchema-instance"
    xsi:schemaLocation="http://www.loc.gov/MARC21/slim http://www.loc.gov/standards/marcxml/schema/MARC21slim.xsd"
    xmlns="http://www.loc.gov/MARC21/slim">

  <leader>02262cam a2200265   4500500</leader>
  <controlfield tag="005">20260329025008.0</controlfield>
  <datafield tag="041" ind1=" " ind2=" ">
    <subfield code="a">fre</subfield>
  </datafield>
  <datafield tag="042" ind1=" " ind2=" ">
    <subfield code="a">dc</subfield>
  </datafield>
  <datafield tag="100" ind1="1" ind2="0">
    <subfield code="a">Fallery, Bernard</subfield>
    <subfield code="e">author</subfield>
  </datafield>
  <datafield tag="700" ind1="1" ind2="0">
    <subfield code="a">Rodhain, Florence</subfield>
    <subfield code="e">author</subfield>
  </datafield>
  <datafield tag="700" ind1="1" ind2="0">
    <subfield code="a">Zgoulli, Saloua</subfield>
    <subfield code="e">author</subfield>
  </datafield>
  <datafield tag="245" ind1="0" ind2="0">
    <subfield code="a">La m&#xE9;diation scientifique par le spectacle vivant</subfield>
  </datafield>
  <datafield tag="260" ind1=" " ind2=" ">
    <subfield code="c">2025.
							</subfield>
  </datafield>
  <datafield tag="500" ind1=" " ind2=" ">
    <subfield code="a">1</subfield>
  </datafield>
  <datafield tag="520" ind1=" " ind2=" ">
    <subfield code="a">Cette contribution repose sur Le Bourgeois num&#xE9;rique, Moli&#xE8;re 3.0, une pi&#xE8;ce de th&#xE9;&#xE2;tre &#xE9;crite et jou&#xE9;e par un groupe d&#x2019;enseignants-chercheurs dans le cadre de leur activit&#xE9; de m&#xE9;diation scientifique. Cette pi&#xE8;ce, dans le plus grand respect de l&#x2019;esprit de Moli&#xE8;re, devient aujourd&#x2019;hui une satire de tous les Monsieur Jourdain assez na&#xEF;fs, qui pr&#xE9;tendent acqu&#xE9;rir tous les codes de la New Tech ou de la Start-up Nation pour faire partie de l&#x2019;&#xE9;lite ou de la nouvelle g&#xE9;n&#xE9;ration. On pr&#xE9;sente ici les cadres th&#xE9;oriques qui permettent d&#x2019;&#xE9;clairer la position des universitaires dans la m&#xE9;diation scientifique puis un extrait de la pi&#xE8;ce. On conclut avec nos remarques sur la m&#xE9;diation scientifique par le spectacle vivant.</subfield>
  </datafield>
  <datafield tag="520" ind1=" " ind2=" ">
    <subfield code="a">This contribution is based on &#x201C;The digital bourgeois, Moli&#xE8;re 3.0&#x201D;, a play written and performed by a group of teacher-researchers as part of their scientific mediation activity. This piece, with the greatest respect for the spirit of Moli&#xE8;re, today becomes a satire of all the rather naive &#x201C;Monsieur Jourdain&#x201D;, who claim to acquire all the codes of New Tech or Start-up Nation to make part of the elite or the new generation. Here we present the theoretical frameworks that help to clarify the position of academics in scientific mediation, followed by an extract from the play. We conclude with our remarks on scientific mediation through live performance.</subfield>
  </datafield>
  <datafield tag="690" ind1=" " ind2=" ">
    <subfield code="a">m&#xE9;diation scientifique</subfield>
  </datafield>
  <datafield tag="690" ind1=" " ind2=" ">
    <subfield code="a">soci&#xE9;t&#xE9; du num&#xE9;rique</subfield>
  </datafield>
  <datafield tag="690" ind1=" " ind2=" ">
    <subfield code="a">th&#xE9;&#xE2;tre</subfield>
  </datafield>
  <datafield tag="690" ind1=" " ind2=" ">
    <subfield code="a">digital society</subfield>
  </datafield>
  <datafield tag="690" ind1=" " ind2=" ">
    <subfield code="a">scientific mediation</subfield>
  </datafield>
  <datafield tag="690" ind1=" " ind2=" ">
    <subfield code="a">theater</subfield>
  </datafield>
  <datafield tag="786" ind1="0" ind2=" ">
    <subfield code="n">Management des technologies organisationnelles | 16 | 1 | 2025-01-16 | p. 161-177 | 2553-3851</subfield>
  </datafield>
  <datafield tag="856" ind1="4" ind2="1">
    <subfield code="u">https://shs.cairn.info/revue-management-des-technologies-organisationnelles-2025-1-page-161?lang=fr&amp;redirect-ssocas=7080</subfield>
  </datafield>
  <datafield tag="999" ind1=" " ind2=" ">
    <subfield code="c">1936966</subfield>
    <subfield code="d">1936966</subfield>
  </datafield>
</record>
